00883cam a22003374i 4500003000900000005001700009008004100026035001900067040003300086082002100119100002900140245006100169264004500230300003500275336002100310337002500331338002300356505004300379526001000422526001000432526001000442526001000452526000800462526000800470526000800478526000800486526000800494526000800502526000800510630002700518PE-LiUPU20250731172748.0150617s r 000 0 d a(Sirsi) a12363 aPE-LiUPUbspacPE-LiUPUerda04a220.022bF772211 aFoster, Charles,eautor.10aBible pictures and what they teach us /cCharles Foster. 1aPhiladelphia :bEditorial Foster,c1914. a316 páginas :bil. ;c22 cm. atext2rdacontent aunmediated2rdamedia avolume2rdacarrier0 aBible pictures and what they teach us. aSEG42 aSEG41 aSEG40 aSEG39 aP94 aP87 aP86 aP85 aP77 aP76 aP35 aBibliaxIlustraciones.